00788nam a22002537a 4500003000900000001000800009007000300017008003600020090001400056942000700070040003800077245004600115300003600161955000600197041000800203080000800211020001900219260003700238044000700275650000800282999001900290952011300309952011200422UA-OsUOA 24228 ta20040211b un ||||| |||| 00| 0 ukr d a327bК45 cBK aUA-OsUOAbruscUA-OsUOAdUA-OsUOA aКитай: факты, цифры 2000 a206 с.bІлюстрації a0 arus a327 a7-80148-309-Х aПекинbСиньсинc2000 aRU 72UDC c310494d310494 00102udc4070a102b102d2004-02-11g10.00i64834l0o327 К45p64834r2022-02-07 00:00:00w2004-02-11yBK 00102udc4070a102b102d2004-02-11g3.00i64835l0o327 К45p64835r2022-02-07 00:00:00w2004-02-11yBK